000 00380nam a2200157Ia 4500
003 GCL
008 140319s9999 xx 000 0 eng d
040 _aGCL /
_cGCL
082 0 4 _aCASSETTE
_b136
100 1 _aCONCERTO POUR FUTE NO. 2
245 1 0 _aMOZART /
_cCONCERTO POUR FUTE NO. 2
260 _a[S.N] :
_bNONE
650 0 4 _aAUDIO TAPES
650 0 4 _aSONGS
942 _2ddc
_cBK
999 _c18704
_d18704